Представление документа в формате MARC21

Поле Инд. ПП Название Значение
Тип записи a
Библиографический уровень m
001 Контрольный номер 408b1edb-663f-4d99-9f25-a743d912bb8f
005 Дата корректировки 20131112143103.9
008 Кодируемые данные 060607s1991 rur a 000u 0rus d
017 a Номер государственной регистрации 91-1963
2 Источник номера ЛГР
020 c Цена, тираж 2 р.
040 a Служба первич. каталог. RuMoRKP
041 00 a Код языка текста rus
080 00 a Индекс УДК 929Достоевский
a Индекс УДК 882(092)
a Индекс УДК 761.1
084 a Индекс другой классификации/Индекс ББК 83.3Р
a Индекс другой классификации/Индекс ББК 85.15
090 x Авторский знак Б646
092 00 a 18.31.41
100 _0 a Автор Бирон Вера Сергеевна
245 a Заглавие Петербург Достоевского
c Ответственность Вера Бирон; Грав. на дереве Н. Кофанова
260 a Место издания Л.
b Издательство Товарищество "Свеча"
c Дата издания 1991
300 a Объем 44,[1] с.
b Иллюстрации/ тип воспроизводства грав.
c Размеры 22 см
440 a Серия Ленинград весь на ладони
500 a Примечание На обл. авт. не указан
650 a Основная рубрика Русская литература
x Основная подрубрика 19 в.
650 a Основная рубрика Литературные места
x Основная подрубрика Ленинград
650 a Основная рубрика Петербург в графике
650 a Основная рубрика Гравюра на дереве
650 a Основная рубрика Достоевский, Федор Михайлович
653 a Ключевые слова Русская литература
653 a Ключевые слова Русское зарубежье
700 1_ a Другие авторы Кофанов Н.
e Роль лиц ил.